Muzułmańskie miasta - nagła śmierć - Statystyki

Ogólne statystyki
  • Ten quiz został rozwiązany 3 987 razy
  • Średni wynik to 12 z 21
Answers on the Grid
Answers color-coded by a green-red scale on the quiz's grid according to % correct below.
Addis Abeba
Algier
Amman
Astana
Bagdad
Baku
Bangkok
Bengaluru
Bejrut
Berlin
Casablanca
Ćottogram
Dakar
Dubaj
Dżakarta
Dżibuti
Kabul
Kair
Karaczi
Kinszasa
Kolombo
Maskat
Mogadiszu
Montevideo
Nikozja
Phnom Penh
Rangun
Sana
Stambuł
Sofia
Teheran
Tirana
 
Statystyki odpowiedzi
Odpowiedź % Poprawnych
Algier
89%
Bagdad
78%
Kair
75%
Dubaj
73%
Amman
72%
Stambuł
71%
Bejrut
69%
Kabul
68%
Teheran
68%
Baku
66%
Dżakarta
59%
Dakar
58%
Casablanca
57%
Maskat
53%
Astana
49%
Dżibuti
49%
Mogadiszu
49%
Tirana
49%
Karaczi
41%
Sana
39%
Ćottogram
15%
Nie znaleziono quizów pasujących do podanych kryteriów
Rozkład punktacji
Procent ludzi z każdym wynikiem
Percentyl według liczby udzielonych odpowiedzi
Twoja historia wyników
Nie rozwiązałeś tego quizu